[Event "FRA-chT U20 0304"]
[Site "France"]
[Date "2004.??.??"]
[Round "7"]
[White "Amoyal, Raphael"]
[Black "Ane, Cedric"]
[Result "0-1"]
[WhiteElo "1330"]
[BlackElo "1009"]
[PlyCount "116"]
[EventDate "2003.11.??"]
[EventType "team"]
[EventRounds "11"]
[EventCountry "FRA"]
[SourceTitle "EXT 2005"]
[Source "ChessBase"]
[SourceDate "2004.11.15"]
[SourceVersion "1"]
[SourceVersionDate "2004.11.15"]
[SourceQuality "1"]
[WhiteTeam "Agneaux Saint Lo"]
[BlackTeam "Clichy"]
[WhiteTeamCountry "FRA"]
[BlackTeamCountry "FRA"]

1. e4 e5 2. Nf3 Nc6 3. Bc4 Nf6 4. d3 Bc5 5. c3 d6 6. b4 Bb6 7. Bg5 0-0 8. Nbd2 Be6 9. a4 a5 10. b5 Nb8 11. d4 exd4 12. cxd4 h6 13. Bh4 Bg4 14. h3 Bxf3 15. Nxf3 Nbd7 16. 0-0 Re8 17. Qb3 Re7 18. Rae1 Qe8 19. Qc2 Rxe4 20. Rxe4 Qxe4 21. Qxe4 Nxe4 22. Bd5 Nef6 23. Bxb7 Rb8 24. Bc6 g5 25. Bg3 Nf8 26. Re1 Ne6 27. Rd1 Nd8 28. d5 Nxc6 29. dxc6 Ne4 30. Kh2 Nxf2 31. Bxf2 Bxf2 32. Rf1 Bb6 33. h4 gxh4 34. Nxh4 Rd8 35. Nf5 Kh7 36. Ne7 Rf8 37. Nd5 Kg7 38. Nxb6 cxb6 39. Rc1 d5 40. Kg3 Kf6 41. c7 Rc8 42. Rf1+ Ke6 43. Kg4 Rxc7 44. Re1+ Kd6 45. Kf4 Rc4+ 46. Kf5 Rxa4 47. Kf6 Rf4+ 48. Kg7 h5 49. Kh6 Rf5 50. Rc1 a4 51. Rc6+ Ke5 52. Rxb6 a3 53. Ra6 Rf6+ 54. Rxf6 Kxf6 55. b6 a2 56. b7 a1Q 57. b8Q Qc1+ 58. Kxh5 Qg5# 0-1

[Event "FRA-chT U20 0304"]
[Site "France"]
[Date "2003.11.??"]
[Round "1"]
[White "Amoyal, Raphael"]
[Black "Peyre, Thomas"]
[Result "1-0"]
[WhiteElo "1330"]
[BlackElo "1550"]
[PlyCount "94"]
[EventDate "2003.11.??"]
[EventType "team"]
[EventRounds "11"]
[EventCountry "FRA"]
[SourceTitle "EXT 2005"]
[Source "ChessBase"]
[SourceDate "2004.11.15"]
[SourceVersion "1"]
[SourceVersionDate "2004.11.15"]
[SourceQuality "1"]
[WhiteTeam "Agneaux Saint Lo"]
[BlackTeam "Guingamp"]
[WhiteTeamCountry "FRA"]
[BlackTeamCountry "FRA"]

1. e4 e6 2. d4 d5 3. e5 c5 4. c3 Nc6 5. Nf3 Qb6 6. a3 cxd4 7. cxd4 Nh6 8. Be3 Qxb2 9. Nbd2 Bxa3 10. Be2 Nf5 11. Rb1 Qc3 12. Rb3 Qa5 13. 0-0 Be7 14. Bb5 Qc7 15. Qc2 a6 16. Bxc6+ bxc6 17. Rc1 Bd7 18. Rcb1 0-0 19. Rb7 Qc8 20. R1b6 Qd8 21. Qb3 Bc8 22. Rb8 Rxb8 23. Rxb8 Qc7 24. Ng5 Nxe3 25. fxe3 Bxg5 26. Nf3 Bxe3+ 27. Kf1 Bf4 28. g3 Bh6 29. Rb4 Bd7 30. Rb7 Qd8 31. Ra7 Qe7 32. Qb7 Rd8 33. Ra8 Rxa8 34. Qxa8+ Qe8 35. Qxa6 Qc8 36. Qa7 Be3 37. Ke2 Bh6 38. h4 g6 39. Ng5 Bxg5 40. hxg5 Qd8 41. Kf3 Be8 42. g4 Kf8 43. Qc5+ Qe7 44. Qc1 Qb4 45. Qe3 Bd7 46. Kg3 Bc8 47. Qf4 Qc3+ 1-0

[Event "FRA-chT U20 0304"]
[Site "France"]
[Date "2003.11.??"]
[Round "1"]
[White "Guinard, Charline"]
[Black "Amoyal, Raphael"]
[Result "0-1"]
[WhiteElo "1060"]
[BlackElo "1330"]
[PlyCount "58"]
[EventDate "2003.11.??"]
[EventType "team"]
[EventRounds "11"]
[EventCountry "FRA"]
[SourceTitle "EXT 2005"]
[Source "ChessBase"]
[SourceDate "2004.11.15"]
[SourceVersion "1"]
[SourceVersionDate "2004.11.15"]
[SourceQuality "1"]
[WhiteTeam "Guingamp"]
[BlackTeam "Agneaux Saint Lo"]
[WhiteTeamCountry "FRA"]
[BlackTeamCountry "FRA"]

1. e4 e5 2. Nf3 Nc6 3. Nc3 Bc5 4. Bc4 Nf6 5. d3 d6 6. Bg5 Ne7 7. 0-0 Bg4 8. Nb5 Ng6 9. Qe2 c6 10. Nc3 Qd7 11. Rad1 0-0-0 12. d4 exd4 13. Nb1 Rde8 14. Bf4 Rxe4 15. Qd3 Rxf4 16. Rfe1 Bxf3 17. gxf3 Ng4 18. fxg4 Qxg4+ 19. Qg3 Qf5 20. Nd2 Rg4 21. Be2 Rxg3+ 22. fxg3 d3+ 23. Kg2 Qd5+ 24. Bf3 Qg5 25. Ne4 Qe5 26. Nf2 Qxb2 27. Nxd3 Qxc2+ 28. Nf2 Qxa2 29. Be4 Bxf2 0-1